[Event "NATO-ch 34th"]
[Site "Rhodes"]
[Date "2024.10.25"]
[Round "7"]
[White "Sauer, Marko"]
[Black "Lebrun, Roger"]
[Result "1-0"]
[WhiteElo "2086"]
[BlackElo "1984"]
[PlyCount "61"]
[EventDate "2024.10.21"]
[EventType "swiss"]
[EventRounds "7"]
[EventCountry "GRE"]
[SourceTitle "CB44_2024"]
[Source "Chessbase"]
[SourceDate "2024.10.30"]
[SourceVersion "1"]
[SourceVersionDate "2024.10.30"]
[SourceQuality "1"]

1. e4 e6 2. d4 d5 3. Nc3 Bb4 4. Bd2 Bxc3 5. Bxc3 dxe4 6. Qg4 Nf6 7. Qxg7 Rg8 8. Qh6 Rg6 9. Qe3 Bd7 10. Ne2 Bc6 11. Nf4 Nd5 12. Nxd5 Qxd5 13. Qf4 Qd6 14. Qh4 h6 15. 0-0-0 Nd7 16. Bd2 Qe7 17. Qxe7+ Kxe7 18. Bf4 Rc8 19. h4 h5 20. Rh3 Nf6 21. Ra3 a6 22. c4 Bd7 23. Bg5 Ke8 24. Be2 c5 25. d5 exd5 26. cxd5 Kf8 27. f3 Bf5 28. d6 exf3 29. Rxf3 Bg4 30. Rxf6 Bxe2 31. d7 1-0

[Event "NATO-ch 25th"]
[Site "Quebec"]
[Date "2014.09.11"]
[Round "5"]
[White "Lebrun, Roger"]
[Black "Tucker, David Sidney"]
[Result "1-0"]
[WhiteElo "1976"]
[BlackElo "2042"]
[PlyCount "109"]
[EventDate "2014.09.08"]
[EventType "team-swiss"]
[EventRounds "7"]
[EventCountry "CAN"]
[SourceTitle "EXT 2015"]
[Source "ChessBase"]
[SourceDate "2014.11.20"]
[SourceVersion "1"]
[SourceVersionDate "2014.11.20"]
[SourceQuality "1"]
[WhiteTeam "Canada II"]
[BlackTeam "Great Britain"]
[WhiteTeamCountry "CAN"]
[BlackTeamCountry "GBR"]

1. e4 c5 2. d4 cxd4 3. c3 Nf6 4. e5 Nd5 5. cxd4 e6 6. Nc3 Nxc3 7. bxc3 Qc7 8. Bd2 d5 9. Bd3 Nc6 10. Nf3 Be7 11. 0-0 Bd7 12. Re1 h6 13. a4 Na5 14. Re2 Nc4 15. Bc1 Qa5 16. Bxc4 dxc4 17. Bb2 Bc6 18. Nd2 Bd5 19. Ne4 Qc7 20. Ba3 Bxe4 21. Rxe4 Qc6 22. Re2 Bxa3 23. Rxa3 0-0 24. Qb1 Rab8 25. Rb2 b6 26. Rb4 a6 27. Ra2 Rb7 28. Rab2 Rfb8 29. f3 b5 30. Qe4 Qd5 31. Kf2 Rb6 32. Ke3 R6b7 33. Kd2 g6 34. Kc2 h5 35. Kb1 Kf8 36. Ka2 Ke8 37. h4 Ke7 38. Qxd5 exd5 39. Ka3 Kd7 40. g4 Kc6 41. a5 Kd7 42. gxh5 gxh5 43. Rg2 Rh8 44. Rg5 Ke6 45. f4 Rbb8 46. f5+ Ke7 47. Rb2 Rh6 48. Kb4 Rc8 49. Rbg2 Rh7 50. Rg8 Rc6 51. Rb8 Rhh6 52. Rgg8 Kd7 53. Rb7+ Rc7 54. Rxc7+ Kxc7 55. Rg7 1-0

[Event "NATO-ch 25th"]
[Site "Quebec"]
[Date "2014.09.09"]
[Round "3"]
[White "Lebrun, Roger"]
[Black "Papler, Peter"]
[Result "1-0"]
[WhiteElo "1976"]
[BlackElo "1613"]
[PlyCount "83"]
[EventDate "2014.09.08"]
[EventType "team-swiss"]
[EventRounds "7"]
[EventCountry "CAN"]
[SourceTitle "EXT 2015"]
[Source "ChessBase"]
[SourceDate "2014.11.20"]
[SourceVersion "1"]
[SourceVersionDate "2014.11.20"]
[SourceQuality "1"]
[WhiteTeam "Canada II"]
[BlackTeam "Slovenia"]
[WhiteTeamCountry "CAN"]
[BlackTeamCountry "SLO"]

1. e4 d6 2. d4 g6 3. f4 Bg7 4. Nf3 e6 5. Bd3 Ne7 6. Be3 0-0 7. c3 c6 8. Nbd2 Na6 9. Qe2 Nc7 10. 0-0-0 b5 11. g4 a5 12. h4 f5 13. gxf5 exf5 14. e5 Be6 15. Kb1 Ncd5 16. Ng5 Bc8 17. Ndf3 h6 18. Nh3 Be6 19. Bc1 a4 20. Bd2 Re8 21. h5 Nb6 22. Rdg1 Nc4 23. Nh4 dxe5 24. fxe5 Nxd2+ 25. Qxd2 Qd5 26. a3 Qa2+ 27. Kc1 Bd5 28. Bb1 Qa1 29. Re1 g5 30. Nxg5 hxg5 31. Qxg5 Kh7 32. Nxf5 Nxf5 33. Qxf5+ Kg8 34. Qh7+ Kf8 35. Rhf1+ Ke7 36. Qxg7+ Kd8 37. h6 Ba2 38. Qh7 Ra7 39. Qe4 Kc7 40. h7 Kb6 41. Rf6 Bd5 42. Qxd5 1-0

[Event "Outaouais op "]
[Site "Gatineau"]
[Date "2014.06.07"]
[Round "2"]
[White "Krolczyk, Jacob"]
[Black "Lebrun, Roger"]
[Result "1/2-1/2"]
[WhiteElo "1849"]
[BlackElo "1912"]
[PlyCount "83"]
[EventDate "2014.06.06"]
[EventType "swiss"]
[EventRounds "5"]
[EventCountry "CAN"]
[SourceTitle "EXT 2015"]
[Source "ChessBase"]
[SourceDate "2014.11.20"]
[SourceVersion "1"]
[SourceVersionDate "2014.11.20"]
[SourceQuality "1"]

1. Nf3 Nf6 2. g3 g6 3. Bg2 Bg7 4. 0-0 d6 5. d3 0-0 6. e4 c5 7. Nbd2 Nc6 8. a4 Bd7 9. Nc4 Ne8 10. Nh4 e6 11. f4 f5 12. c3 Rb8 13. Be3 b6 14. Nf3 a6 15. exf5 gxf5 16. d4 d5 17. Nce5 c4 18. Ng5 Nf6 19. Nxe6 Bxe6 20. Nxc6 Qd6 21. Nxb8 Rxb8 22. Qe2 Bf7 23. Qc2 Ne4 24. b3 cxb3 25. Qxb3 Rc8 26. Rfc1 Qe6 27. Bxe4 fxe4 28. Rc2 Rc6 29. f5 Qxf5 30. Rf1 Qd7 31. Rcf2 Be6 32. Qb4 Qd6 33. Qb2 Bh3 34. Rb1 Qc7 35. Bf4 Qc8 36. Qd2 h5 37. Bg5 Bg4 38. Qf4 Qf8 39. Qe3 Qa3 40. Qf4 Qf8 41. Qc1 Qc8 42. Qf4 1/2-1/2

[Event "Gatineau op"]
[Site "Gatineau"]
[Date "2014.01.28"]
[Round "1"]
[White "Upper, John"]
[Black "Lebrun, Roger"]
[Result "1-0"]
[WhiteElo "2227"]
[BlackElo "1939"]
[PlyCount "43"]
[EventDate "2014.01.28"]
[EventType "swiss"]
[EventRounds "5"]
[EventCountry "CAN"]
[SourceTitle "EXT 2015"]
[Source "ChessBase"]
[SourceDate "2014.11.20"]
[SourceVersion "1"]
[SourceVersionDate "2014.11.20"]
[SourceQuality "1"]

1. d4 Nf6 2. c4 e5 3. dxe5 Ng4 4. Bf4 Bb4+ 5. Nd2 Nc6 6. Ngf3 Qe7 7. a3 Ngxe5 8. Nxe5 Nxe5 9. e3 Bxd2+ 10. Qxd2 0-0 11. Be2 d6 12. 0-0 Bf5 13. Rac1 b6 14. Rfd1 Rfe8 15. b4 Nd7 16. c5 bxc5 17. Bb5 Rab8 18. Bxd7 Qxd7 19. bxc5 Re6 20. Qa5 Qd8 21. cxd6 cxd6 22. Qxf5 1-0

[Event "Gatineau op"]
[Site "Gatineau"]
[Date "2013.03.03"]
[Round "5"]
[White "Lebrun, Roger"]
[Black "Chiku Ratte, Olivier Kenta"]
[Result "0-1"]
[WhiteElo "1924"]
[BlackElo "2236"]
[PlyCount "98"]
[EventDate "2013.03.01"]
[EventType "swiss"]
[EventRounds "5"]
[EventCountry "CAN"]
[SourceTitle "EXT 2022"]
[Source "ChessBase"]
[SourceDate "2021.10.06"]
[SourceVersion "1"]
[SourceVersionDate "2021.10.06"]
[SourceQuality "1"]

1. d4 Nf6 2. Nf3 c5 3. e3 b6 4. Bd3 Bb7 5. Nbd2 d6 6. 0-0 g6 7. c3 Bg7 8. Re1 0-0 9. e4 cxd4 10. Nxd4 Nbd7 11. N4f3 Qc7 12. h3 Nc5 13. Bc2 Nfd7 14. a4 Ba6 15. Nb3 Bc4 16. Nxc5 Nxc5 17. Nd4 Rfd8 18. Nb3 d5 19. Nxc5 Qxc5 20. Be3 d4 21. cxd4 Bxd4 22. Bxd4 Rxd4 23. Qc1 Rad8 24. Rd1 Rxd1+ 25. Bxd1 Qd4 26. Bf3 Rc8 27. Qc3 Qxc3 28. bxc3 Bb3 29. a5 b5 30. Be2 Bc4 31. Bg4 Be6 32. Bxe6 fxe6 33. Ra3 Rc4 34. a6 Rxe4 35. Ra5 Re1+ 36. Kh2 Rb1 37. Ra2 Kf7 38. h4 Rb3 39. Ra5 Ke8 40. g3 Kd7 41. Kg2 Kc6 42. h5 Rxc3 43. hxg6 hxg6 44. Ra2 b4 45. Kf1 b3 46. Rb2 Kb5 47. Kg2 Kb4 48. Re2 Ka3 49. Re5 b2 0-1

[Event "Gatineau op"]
[Site "Gatineau"]
[Date "2013.03.03"]
[Round "4"]
[White "Lebrun, Roger"]
[Black "Tomalty, Alan"]
[Result "1-0"]
[WhiteElo "1924"]
[BlackElo "1767"]
[PlyCount "101"]
[EventDate "2013.03.01"]
[EventType "swiss"]
[EventRounds "5"]
[EventCountry "CAN"]
[SourceTitle "EXT 2022"]
[Source "ChessBase"]
[SourceDate "2021.10.06"]
[SourceVersion "1"]
[SourceVersionDate "2021.10.06"]
[SourceQuality "1"]

1. e4 e5 2. Nf3 Nf6 3. Nc3 Bb4 4. d3 Nc6 5. Be2 d5 6. exd5 Nxd5 7. Bd2 0-0 8. a3 Nxc3 9. Bxc3 Bxc3+ 10. bxc3 Bg4 11. h3 Bh5 12. 0-0 Qf6 13. Nd2 Bxe2 14. Qxe2 Rfe8 15. Rab1 Rab8 16. Rfe1 Kf8 17. Ne4 Qe7 18. a4 a6 19. Qf3 Kg8 20. Qf5 Qe6 21. Qxe6 fxe6 22. Nc5 b6 23. Nd7 Rbd8 24. Nxe5 Nxe5 25. Rxe5 Rd5 26. Rbe1 Kf7 27. Kf1 Re7 28. R1e4 Kf6 29. f4 c6 30. c4 Rxe5 31. Rxe5 h6 32. h4 Rd7 33. Ke2 g6 34. g4 Rd8 35. Ke3 Rd7 36. Ke4 Rd8 37. h5 g5 38. fxg5+ hxg5 39. d4 Rc8 40. Kd3 Rd8 41. c3 Rd7 42. Re2 Rd8 43. Rb2 Rb8 44. a5 b5 45. cxb5 axb5 46. a6 Ra8 47. Rf2+ Kg7 48. Ra2 Kf6 49. Ke4 Ra7 50. Ra1 Ke7 51. Ke5 1-0

[Event "NATO-ch 19th"]
[Site "Brussels"]
[Date "2008.08.05"]
[Round "2"]
[White "Helbig, Mark"]
[Black "Lebrun, Roger"]
[Result "1-0"]
[WhiteElo "2350"]
[BlackElo "1965"]
[PlyCount "37"]
[EventDate "2008.08.04"]
[EventType "swiss"]
[EventRounds "7"]
[EventCountry "BEL"]
[SourceTitle "EXT 2015"]
[Source "ChessBase"]
[SourceDate "2014.11.20"]
[SourceVersion "1"]
[SourceVersionDate "2014.11.20"]
[SourceQuality "1"]

1. d4 d5 2. c4 e5 3. dxe5 d4 4. Nf3 Nc6 5. a3 a5 6. e3 Bc5 7. exd4 Nxd4 8. Be3 Bg4 9. Be2 Nxf3+ 10. gxf3 Bxe3 11. Qxd8+ Rxd8 12. fxe3 Bf5 13. Nc3 Ne7 14. Nb5 Rd7 15. Kf2 Nc6 16. f4 Be4 17. Rhd1 Ke7 18. Rxd7+ Kxd7 19. Bg4+ 1-0

[Event "Quebec op"]
[Site "Laval"]
[Date "1984.08.06"]
[Round "2"]
[White "Lebrun, Roger"]
[Black "Ivanov, Igor Vasilievich"]
[Result "0-1"]
[WhiteElo "1954"]
[BlackElo "2527"]
[PlyCount "44"]
[EventDate "1984.08.05"]
[EventType "swiss"]
[EventRounds "8"]
[EventCountry "CAN"]
[SourceTitle "EXT 2022"]
[Source "ChessBase"]
[SourceDate "2021.10.06"]
[SourceVersion "1"]
[SourceVersionDate "2021.10.06"]
[SourceQuality "1"]

1. d4 Nf6 2. Nf3 e6 3. c4 c5 4. Nc3 cxd4 5. Nxd4 Bb4 6. Ndb5 d5 7. Bf4 0-0 8. e3 Nc6 9. a3 Bxc3+ 10. Nxc3 h6 11. cxd5 Nxd5 12. Nxd5 exd5 13. Bd3 Qf6 14. Qd2 d4 15. 0-0 dxe3 16. Qxe3 Qxb2 17. Rab1 Qd4 18. Qg3 Rd8 19. Rfd1 Bf5 20. Bxh6 Qg4 21. Qxg4 Bxg4 22. f3 Rxd3 0-1

[Event "Toronto int"]
[Site "Toronto"]
[Date "1984.07.29"]
[Round "10"]
[White "Lebrun, Roger"]
[Black "Mathieu, Donald"]
[Result "1-0"]
[WhiteElo "2104"]
[BlackElo "1823"]
[PlyCount "27"]
[EventDate "1984.07.21"]
[EventType "tourn"]
[EventRounds "10"]
[EventCountry "CAN"]
[SourceTitle "EXT 2022"]
[Source "ChessBase"]
[SourceDate "2021.10.06"]
[SourceVersion "1"]
[SourceVersionDate "2021.10.06"]
[SourceQuality "1"]

1. d4 f5 2. e4 fxe4 3. Nc3 Nf6 4. Bg5 d5 5. f3 exf3 6. Nxf3 Bg4 7. h3 Bh5 8. Bd3 Nbd7 9. 0-0 h6 10. Bd2 g5 11. Nxg5 Bf7 12. Nxf7 Kxf7 13. Qh5+ Kg7 14. Qg6# 1-0

[Event "Toronto int"]
[Site "Toronto"]
[Date "1984.07.27"]
[Round "8"]
[White "Lebrun, Roger"]
[Black "Starr, Sasha"]
[Result "1-0"]
[WhiteElo "1724"]
[BlackElo "1726"]
[PlyCount "81"]
[EventDate "1984.07.21"]
[EventType "tourn"]
[EventRounds "10"]
[EventCountry "CAN"]
[SourceTitle "EXT 2022"]
[Source "ChessBase"]
[SourceDate "2021.10.06"]
[SourceVersion "1"]
[SourceVersionDate "2021.10.06"]
[SourceQuality "1"]

1. d4 Nf6 2. c4 e6 3. Nf3 b6 4. g3 Bb4+ 5. Bd2 Be7 6. Nc3 Bb7 7. Bg2 0-0 8. d5 exd5 9. Nh4 Ne4 10. Nf5 Bc5 11. 0-0 Qf6 12. Ne3 Qd4 13. Be1 f5 14. cxd5 Nxc3 15. Bxc3 Qxd1 16. Nxd1 f4 17. b4 Bd6 18. Nb2 a5 19. b5 Bc5 20. Nd3 fxg3 21. hxg3 d6 22. Nxc5 bxc5 23. a4 Nd7 24. e4 Nb6 25. f4 Bc8 26. Bf3 Nc4 27. Rae1 g6 28. Rf2 Re8 29. Kg2 Re7 30. Bd1 Bb7 31. Bf3 Rae8 32. Rfe2 Bc8 33. Rc1 Kf7 34. Kh1 Kg8 35. Kg1 h5 36. Rh2 Rxe4 37. Bxe4 Rxe4 38. Kf2 Re3 39. Re1 Rxe1 40. Kxe1 Bb7 41. Re2 1-0